000 00959cab a2200385 4500
001 ABS53949
008 090401t1995 xxu||||| |||| 00| 0 eng d
035 _a(Sirsi) u7604
041 _aeng
245 _aFocus `95: international retailing
260 _c1995
350 _a0
490 _aEstates Gazette
_v(9545) 11 November 1995, 115-120(6)
650 _aARGENTINA
650 _aAUSTRALIA
650 _aAUSTRIA
650 _aBELGIUM
650 _aBRAZIL
650 _aCHILE
650 _aEUROPE
650 _aFRANCE
650 _aGREECE
650 _aMAPIC
650 _aPHILIPPINES
650 _aPROPERTY-COMMERCIAL PROPERTY-RETAIL PROPERTY-RETAIL PROPERTY MARKET
650 _aSHOPPING CENTRES
650 _aSINGAPORE
650 _aSOUTH AMERICA
650 _aREPUBLIC OF KOREA
650 _aTAIWAN
650 _aTURKEY
690 _aPROPERTY-COMMERCIAL PROPERTY-RETAIL PROPERTY
942 _n0
948 _c04/03/1997
999 _c4616
_d4616